01469nam a2200361 i 4500001001000000003000900010005001700019007000300036008004100039040003000080041001900110082002300129245010800152264005100260300004400311336002600355337003300381338002800414546002300442590002600465600005100491650004500542650004300587650004000630700003200670700004400702700003100746910003700777942001400814952013500828952012700963999001701090000035976DO-SdBNP20240123084907.0ta111121s2006 dr a 001 0 spa d aDO-SdBNPbspacBNPHUerda07aspaaeng2MARC 4a759.928bP438s22200aSur- el sur :bPérez Celis /ctextos Jorge J. A. Roballo, María Elena Ditrén, Marianne Tolentino. aSanto Domingo :bMuseo de Arte Moderno,c2006. a53 páginas :bilustraciones ;c30 cm. 2rdacontenatextobtxt 2rdamediaasin mediaciónbn 2rdacarrieravolumenbnc aEpañol, Inglés aInventariado, 2018/LP04aPérez Celisx1939-2008xExposiciones 962000 4aPintores argentinosxExposiciones962001 4aPintura argentinaxExposiciones962002 4aArte argentinoxExposiciones9620031 aRoballo, Jorge J. A.9620041 aDitrén, María Elena Ditrén9620051 aTolentino, Marianne962006 aValidado. Control de calidad EMS 2ddccLBS1 00102ddc51708PDaBNPHUbBNPHUcHDd2011-11-21l0oBNPHU PD 759.928 P438sp35976-10r2020-06-25w2020-06-25yLBS1ZNo se presta 00102ddc51708PDaBNPHUbBNPHUcHDd2024-01-11l0oBNPHU PD 759.928 P438sp2024-0163r2024-01-11te.2w2024-01-11yLBS1 c35467d35467